<?xml version="1.0" encoding="UTF-8"?>
<record
    xmlns:xsi="http://www.w3.org/2001/XMLSchema-instance"
    xsi:schemaLocation="http://www.loc.gov/MARC21/slim http://www.loc.gov/standards/marcxml/schema/MARC21slim.xsd"
    xmlns="http://www.loc.gov/MARC21/slim">

  <leader>00781nam a2200205Ia 4500</leader>
  <datafield tag="999" ind1=" " ind2=" ">
    <subfield code="c">42335</subfield>
    <subfield code="d">42335</subfield>
  </datafield>
  <controlfield tag="001">9031</controlfield>
  <controlfield tag="003">GE_BSU</controlfield>
  <controlfield tag="005">20210420111713.0</controlfield>
  <controlfield tag="008">181216c2014||||ge |||||||||||||| ||geo||</controlfield>
  <datafield tag="022" ind1=" " ind2=" ">
    <subfield code="a">0134 - 3459</subfield>
  </datafield>
  <datafield tag="040" ind1=" " ind2=" ">
    <subfield code="c">GE_BSU</subfield>
  </datafield>
  <datafield tag="041" ind1=" " ind2=" ">
    <subfield code="a">geo</subfield>
  </datafield>
  <datafield tag="245" ind1=" " ind2=" ">
    <subfield code="a">&#x10ED;&#x10DD;&#x10E0;&#x10DD;&#x10EE;&#x10D8; :</subfield>
    <subfield code="b">2014 :  &#x10DA;&#x10D8;&#x10E2;&#x10D4;&#x10E0;&#x10D0;&#x10E2;&#x10E3;&#x10E0;&#x10E3;&#x10DA; - &#x10E1;&#x10D0;&#x10DB;&#x10EE;&#x10D0;&#x10E2;&#x10D5;&#x10E0;&#x10DD; &#x10D3;&#x10D0; &#x10E1;&#x10D0;&#x10D6;&#x10DD;&#x10D2;&#x10D0;&#x10D3;&#x10DD;&#x10D4;&#x10D1;&#x10E0;&#x10D8;&#x10D5;&#x10D8; &#x10DF;&#x10E3;&#x10E0;&#x10DC;&#x10D0;&#x10DA;&#x10D8; /</subfield>
    <subfield code="c">&#x10DB;&#x10D7;. &#x10E0;&#x10D4;&#x10D3;&#x10D0;&#x10E5;&#x10E2;&#x10DD;&#x10E0;&#x10D8; &#x10E1;&#x10D0;&#x10DC;&#x10D3;&#x10E0;&#x10DD; &#x10D1;&#x10D4;&#x10E0;&#x10D8;&#x10EB;&#x10D4;.</subfield>
  </datafield>
  <datafield tag="260" ind1=" " ind2=" ">
    <subfield code="c">&#x10D1;&#x10D0;&#x10D7;&#x10E3;&#x10DB;&#x10D8;, </subfield>
    <subfield code="b">1958-</subfield>
  </datafield>
  <datafield tag="300" ind1=" " ind2=" ">
    <subfield code="a">V.</subfield>
  </datafield>
  <datafield tag="653" ind1=" " ind2=" ">
    <subfield code="a">&#x10ED;&#x10DD;&#x10E0;&#x10DD;&#x10EE;&#x10D8;</subfield>
  </datafield>
  <datafield tag="653" ind1=" " ind2=" ">
    <subfield code="a">&#x10DE;&#x10D4;&#x10E0;&#x10DD;&#x10D3;&#x10D8;&#x10D9;&#x10D0;</subfield>
  </datafield>
  <datafield tag="700" ind1=" " ind2=" ">
    <subfield code="a">&#x10D1;&#x10D4;&#x10E0;&#x10D8;&#x10EB;&#x10D4;, &#x10E1;&#x10D0;&#x10DC;&#x10D3;&#x10E0;&#x10DD; </subfield>
    <subfield code="e">&#x10DB;&#x10D7;&#x10D0;&#x10D5;&#x10D0;&#x10E0;&#x10D8; &#x10E0;&#x10D4;&#x10D3;&#x10D0;&#x10E5;&#x10E2;&#x10DD;&#x10E0;&#x10D8;</subfield>
    <subfield code="9">11448</subfield>
  </datafield>
  <datafield tag="942" ind1=" " ind2=" ">
    <subfield code="c">CR</subfield>
    <subfield code="2">udc</subfield>
  </datafield>
  <datafield tag="952" ind1=" " ind2=" ">
    <subfield code="0">0</subfield>
    <subfield code="1">0</subfield>
    <subfield code="2">udc</subfield>
    <subfield code="4">0</subfield>
    <subfield code="7">2</subfield>
    <subfield code="9">52417</subfield>
    <subfield code="a">CPL</subfield>
    <subfield code="b">CPL</subfield>
    <subfield code="d">2018-12-17</subfield>
    <subfield code="h"># 1 &#x10D8;&#x10D0;&#x10DC;&#x10D5;&#x10D0;&#x10E0;&#x10D8;- &#x10D7;&#x10D4;&#x10D1;&#x10D4;&#x10E0;&#x10D5;&#x10D0;&#x10DA;&#x10D8; (2014)</subfield>
    <subfield code="p">p 76129</subfield>
    <subfield code="r">2018-12-17</subfield>
    <subfield code="t">p 76129</subfield>
    <subfield code="w">2018-12-17</subfield>
    <subfield code="y">CR</subfield>
  </datafield>
</record>
